000 00496nam a22001817a 4500
005 20230201112448.0
040 _curs
050 _aHF 5635 R63 2005
100 _93388
_aRobles, Nenita S.
_eauthor
245 _aIntermediate accounting
_bbased on PFRS/IFRS
250 _a2005 edition
260 _aMandaluyong
_bMutual Books
_c2005
336 _2rdacontent
_atext
_btxt
337 _2rdamedia
_aunmediated
_bn
338 _2rdacarrier
_avolume
_bnc
650 0 _92788
_aAccounting
942 _2lcc
_cF
999 _c67928
_d67928